Technical writing for success : (Record no. 188898)
[ view plain ]
| 000 -LEADER | |
|---|---|
| fixed length control field | 00875 a2200229 4500 |
| 003 - CONTROL NUMBER IDENTIFIER | |
| control field | Nust |
| 005 - DATE AND TIME OF LATEST TRANSACTION | |
| control field | 20230329113847.0 |
| 010 ## - LIBRARY OF CONGRESS CONTROL NUMBER | |
| LC control number | 2009944006 |
| 020 ## - INTERNATIONAL STANDARD BOOK NUMBER | |
| International Standard Book Number | 0538682965 |
| 020 ## - INTERNATIONAL STANDARD BOOK NUMBER | |
| International Standard Book Number | 9780538450485 |
| 035 ## - SYSTEM CONTROL NUMBER | |
| System control number | (OCoLC)ocn587825197 |
| 040 ## - CATALOGING SOURCE | |
| Transcribing agency | Nust |
| 082 04 - DEWEY DECIMAL CLASSIFICATION NUMBER | |
| Classification number | 808.0666,WOR |
| 100 1# - MAIN ENTRY--PERSONAL NAME | |
| Personal name | Smith-Worthington, Darlene. |
| 9 (RLIN) | 111540 |
| 245 10 - TITLE STATEMENT | |
| Title | Technical writing for success : |
| Remainder of title | a school-to-work-approach / |
| Statement of responsibility, etc. | Darlene Smith-Worthington, Sue Mehlich. |
| 260 ## - PUBLICATION, DISTRIBUTION, ETC. | |
| Place of publication, distribution, etc. | Mason, OH : |
| Name of publisher, distributor, etc. | South-Western, Cengage Learning, |
| Date of publication, distribution, etc. | c1997. |
| 300 ## - PHYSICAL DESCRIPTION | |
| Extent | xi, 400 p. : |
| Other physical details | col. ill. ; |
| Dimensions | 29 cm. |
| 505 ## - FORMATTED CONTENTS NOTE | |
| Formatted contents note | Background (Page-1), Brief Communications (Page-31), Informative Reports (Page-141), Analytical and Persuasive Reports (Page-203), Researched Reports (Page-269), Technical Reading (Page-365).<br/> |
| 650 #0 - SUBJECT ADDED ENTRY--TOPICAL TERM | |
| Topical term or geographic name entry element | Technical writing |
| 700 1# - ADDED ENTRY--PERSONAL NAME | |
| Personal name | Jefferson, Sue. |
| 9 (RLIN) | 111541 |
| 942 ## - ADDED ENTRY ELEMENTS (KOHA) | |
| Source of classification or shelving scheme | |
| Koha item type | Book |
| Withdrawn status | Lost status | Source of classification or shelving scheme | Damaged status | Not for loan | Permanent Location | Current Location | Shelving location | Date acquired | Total Checkouts | Full call number | Barcode | Date last seen | Date last checked out | Price effective from | Koha item type | Public note | Checked out |
|---|---|---|---|---|---|---|---|---|---|---|---|---|---|---|---|---|---|
| Military College of Signals (MCS) | Military College of Signals (MCS) | General Stacks | 12/12/2016 | 1 | 808.0666,WOR | MCS34747 | 06/12/2025 | 06/04/2025 | 12/12/2016 | Book | Almirah No.56, Shelf No.2 | ||||||
| Military College of Signals (MCS) | Military College of Signals (MCS) | General Stacks | 12/12/2016 | 808.0666,WOR | MCS34748 | 12/08/2016 | 12/12/2016 | Book | Almirah No.75, Shelf No.3 | ||||||||
| Military College of Signals (MCS) | Military College of Signals (MCS) | General Stacks | 12/12/2016 | 808.0666,WOR | MCS34763 | 12/08/2016 | 12/12/2016 | Book | Almirah No.75, Shelf No.3 | ||||||||
| Military College of Signals (MCS) | Military College of Signals (MCS) | 12/12/2016 | 1 | 808.0666 WOR | MCS34764 | 01/26/2024 | 01/26/2024 | 12/12/2016 | Book | 05/25/2024 | |||||||
| Military College of Signals (MCS) | Military College of Signals (MCS) | General Stacks | 12/12/2016 | 808.0666,WOR | MCS34765 | 12/08/2016 | 12/12/2016 | Book | Almirah No.75, Shelf No.3 |
